How to prepare for LOGICAL REASONING For CAT: (Record no. 197780)

MARC details
000 -LEADER
fixed length control field 00621nam a22001817a 4500
005 - DATE AND TIME OF LATEST TRANSACTION
control field 20230904114920.0
010 ## - LCCN (DPL NO)
LC control number ENG-137954
020 ## - INTERNATIONAL STANDARD BOOK NUMBER
Terms of availability 845.00
International Standard Book Number 9789355325112
035 ## - SYSTEM CONTROL NUMBER
System control number EN-121486
037 ## - SOURCE OF ACQUISITION
Source of stock number/acquisition Mc Graw Hill
082 ## - DEWEY DECIMAL CLASSIFICATION NUMBER
Classification number 000
100 ## - MAIN ENTRY--PERSONAL NAME
Personal name Sharma,Arun
245 ## - TITLE STATEMENT
Title How to prepare for LOGICAL REASONING For CAT:
Statement of responsibility, etc by Arun Sharma
Remainder of title Common admission test & other Managements Examinations/
260 ## - PUBLICATION, DISTRIBUTION, ETC. (IMPRINT)
Place of publication, distribution, etc Chennai
Name of publisher, distributor, etc Mc Graw Hill
Date of publication, distribution, etc 2023
270 ## - ADDRESS
Address Anjana Complex No.5/90 A butt Road St.Thomas Mount,
City Chennai
Postal code 600016
300 ## - PHYSICAL DESCRIPTION
Extent vpp.
Dimensions 27cm(pbk)
Other physical details Index
942 ## - ADDED ENTRY ELEMENTS (KOHA)
Source of classification or shelving scheme Dewey Decimal Classification
Item type English Books
Call number suffix SHA
Classification part 000
Holdings
Withdrawn status Lost status Not for loan Collection code Home library Current library Date acquired Source of acquisition Cost, normal purchase price Full call number Barcode Copy number Cost, replacement price Koha item type
      Non-fiction Central Jail Tihar Central Jail Tihar 04/09/2023 DBAD/PUB 845.00 SHA 000 EN-121486 1 845.00 English Books

© Delhi Public Library
Hit Counter
free hit counter